[Event "Catalunya-chT Gp1"]
[Site "Barcelona"]
[Date "2022.01.22"]
[Round "1.9"]
[White "Dios Otin, Victor Federico"]
[Black "Martin Gonzalez, Angel"]
[Result "0-1"]
[WhiteElo "2015"]
[BlackElo "2246"]
[PlyCount "98"]
[EventDate "2022.01.22"]
[EventType "team-tourn"]
[EventRounds "9"]
[EventCountry "ESP"]
[SourceTitle "CBM 206 Extra"]
[Source "ChessBase"]
[SourceDate "2022.03.31"]
[SourceVersion "1"]
[SourceVersionDate "2022.03.31"]
[SourceQuality "1"]
[WhiteTeam "Sant Cugat"]
[BlackTeam "Barcelona Escacs CC"]
[WhiteTeamCountry "ESP"]
[BlackTeamCountry "ESP"]

1. e4 c5 2. Nf3 d6 3. Nc3 Nc6 4. Bb5 Bd7 5. a4 Nf6 6. 0-0 e6 7. d4 cxd4 8. Nxd4 Be7 9. Be3 Ne5 10. Be2 0-0 11. f4 Ng6 12. Kh1 a6 13. Bf3 Qc7 14. Qd2 Rac8 15. a5 Nh4 16. Qf2 Nxf3 17. Qxf3 Rfe8 18. f5 e5 19. Nde2 Qc4 20. Bg5 Bc6 21. Bxf6 Bxf6 22. Ng3 Qb4 23. Qd3 Be7 24. f6 Bxf6 25. Nh5 Be7 26. Nd5 Bxd5 27. Qxd5 Rf8 28. Rf3 Rxc2 29. Rb3 Qc4 30. Qxc4 Rxc4 31. Rxb7 Bd8 32. Ng3 Bxa5 33. h3 Bb4 34. Rxa6 g6 35. Ra4 Rc1+ 36. Kh2 Bc5 37. Ne2 Re1 38. Nc3 f5 39. exf5 gxf5 40. Nd5 f4 41. h4 Rf7 42. Ne7+ Kg7 43. Ra8 Bf2 44. Nf5+ Kf6 45. Rxf7+ Kxf7 46. Nxd6+ Ke6 47. Nc4 Bg3+ 48. Kh3 h5 49. Ra6+ Kd5 0-1

[Event "Foment Martinenc op-A 17th"]
[Site "Barcelona"]
[Date "2015.06.13"]
[Round "8"]
[White "Dios Otin, Victor Federico"]
[Black "Magallanes, Gustavo"]
[Result "1/2-1/2"]
[WhiteElo "2008"]
[BlackElo "1950"]
[PlyCount "77"]
[EventDate "2015.04.25"]
[EventType "swiss"]
[EventRounds "9"]
[EventCountry "ESP"]
[SourceTitle "EXT 2017"]
[Source "ChessBase"]
[SourceDate "2016.10.25"]
[SourceVersion "1"]
[SourceVersionDate "2016.10.25"]
[SourceQuality "1"]

1. e4 c5 2. Nf3 e6 3. d4 cxd4 4. Nxd4 Nc6 5. Nc3 Qc7 6. g3 a6 7. Bg2 Nf6 8. 0-0 d6 9. Be3 Ne5 10. Re1 Bd7 11. Qe2 Nc4 12. Bg5 Rc8 13. Nd1 Be7 14. b3 Nb6 15. c4 Bc6 16. Nxc6 bxc6 17. c5 dxc5 18. Rc1 0-0 19. Qxa6 c4 20. Be3 c5 21. e5 Nfd5 22. bxc4 Nb4 23. Qa3 Qxe5 24. Qb3 Rfd8 25. Nb2 Qc7 26. Rcd1 Nc6 27. Na4 Nxa4 28. Qxa4 Nd4 29. Rb1 Rb8 30. Kf1 h5 31. Red1 Bf6 32. Bxd4 Bxd4 33. Qc2 Rd6 34. Rxb8+ Qxb8 35. Rb1 Rb6 36. Rxb6 Qxb6 37. a4 Qb4 38. Bf3 g6 39. Kg2 1/2-1/2